000 00550nam a2200217Ia 4500
003 OSt
005 20220928135553.0
006 a|||||r|||| 00| 0
007 ta
008 220927b |||||||| |||| 00| 0 eng d
024 _a3348
037 _cTextual
040 _aSDCL
_cSDCL
_beng
041 _2eng
_aeng
082 _aX:5381, M3
100 _aJones Charles A
_9491687
245 0 _aNorth-South dialogue
_b A brief history
260 _c1983
942 _hX:5381, M3
_cTEXL
_2CC
999 _c807095
_d807095